000 01171nam a22002417a 4500
003 NALT
005 20230630151810.0
008 s2549 th tha d
020 _a9749862929
040 _aNALT
041 _atha
050 _aU162
_bก274ย 2549
100 0 _aกนิษฐา ฐิติวัฒนา
245 1 0 _aยุทธศาสตร์ศึกษา 2006 เล่มที่ 4 แนวความคิดตะวันตก : รายงานการทบทวนการป้องกันประเทศรอบสี่ปี สหรัฐฯ 2006 (QDR 2006)
260 3 _aกรุงเทพฯ :
_bสถาบันวิชาการทหารบกชั้นสูง,
_c2549
300 _a262 หน้า :
_bภาพประกอบ ;
_c20.5 ซม.
650 0 4 _aสหรัฐอเมริกา -- การป้องกันประเทศ
650 0 4 _aการทหาร -- แง่ยุทธศาสตร์
650 0 4 _aยุทธศาสตร์
700 0 _aกนิษฐา ฐิติวัฒนา
850 _aNALT
942 _cGB
_2lcc
999 _c49267
_d49267
998 _j109
_k นางสาวอารีรัตน์ วิชาช่าง